00512 2200169 4500001002100000008004100021035002000062245009600082100004500178260003500223300001300258020001800271084001400289082000800303650001200311990001900323INLIS000000000003539 ind  a0010-0824000038 aSejarah Nasional Indonesia 6bZaman Jepang dan Zaman RepublikcMarwati Djoenet Poesponegoro aTIM Nasional Penulisan Sejarah Indonesia aJakarta :bBalai Pustakac2008 a808 hlm. a979-407-412-8 a959 TIM s a959 aSejarah aP29/CP/24/3538